Quizzes
Events
Quiz Creation
Community
Videos
Private Events
Remove Ads
Sign In
Join for FREE
Feedback
Dark Mode
Quiz Categories
Sports
Geography
Music
Movies
Television
Just For Fun
Miscellaneous
History
Literature
Language
Science
Gaming
Entertainment
Religion
Holiday
For Kids
Quiz Lab
Recent
Popular Today
Quiz Kudos Today
Editor Picks
Curator Picks
Quizzes by...
Day
Popularity
Type
Ratings
Length
Year
Community
Subscriptions
Recent Discussions
Orange Saloon
Badges
Playlists
Quests
Create
Leaderboards
Showdown
Live 5
Trivia Bingo
Activity
Puzzle Library
Sporcle Events
Private Events
Virtual Trivia
Globe League
Become a Host
Pub Owners
SporcleCon
Opinionation
Our Games
Videos
Blog
Mobile Apps
Partnerships
Remove Ads and Go Orange
Feedback
Music
Pop Music
The Beatles
Song
Album
Lyrics
Bands
Singers
Artist
Clip
Rock
Rap
Classical
Billboard
Country Music
Kpop
Taylor Swift
Music
Pop Music
The Beatles
Song
Album
Lyrics
Bands
Singers
Artist
Clip
Rock
Rap
Classical
Billboard
Country Music
Kpop
Taylor Swift
Random Quiz
Search Sporcle
×
Quiz Lab
Quiz Lab
Music
Harry Styles
Type in answers that appear in a list
Type in answers that appear in a list
Classic
Best Score? Go Orange.
Don't Let Me Go Lyrics ~ Harry Styles Stats
Can you name the Don't Let Me Go Lyrics ~ Harry Styles?
By
elisabethwongshu
10m
224 Questions
178 Plays
178 Plays
178 Plays
Comments
Comments
Give Quiz Kudos
Give Quiz Kudos
-
- Ratings
hide this ad
Replay
Link that replays current quiz
Next Quiz
Link to next quiz in quiz playlist
You Got
0%
They Got
Avg Score
83%
Avg Friend Score
Upgrade to see
Score Distribution
Jump to the score distribution portion of the page
Score
0/224
Timer
10:00
0
Plays Today
Answer
% Correct
me
97.8%
me
97.8%
me
97.8%
me
97.8%
me
97.8%
me
97.8%
me
97.8%
me
97.8%
me
97.8%
me
97.8%
me
97.8%
me
97.8%
me
97.8%
me
97.8%
me
97.8%
me
97.8%
me
97.8%
me
97.8%
me
97.8%
me
97.8%
don't
96.6%
let
96.6%
don't
96.6%
let
96.6%
don't
96.6%
let
96.6%
go
96.6%
don't
96.6%
let
96.6%
don't
96.6%
let
96.6%
go
96.6%
don't
96.6%
let
96.6%
don't
96.6%
let
96.6%
don't
96.6%
let
96.6%
go
96.6%
don't
96.6%
let
96.6%
don't
96.6%
let
96.6%
go
96.6%
don't
96.6%
let
96.6%
don't
96.6%
let
96.6%
don't
96.6%
let
96.6%
go
96.6%
don't
96.6%
let
96.6%
don't
96.6%
let
96.6%
don't
96.6%
let
96.6%
go
96.6%
don't
96.6%
let
96.6%
don't
96.6%
let
96.6%
go
96.6%
I
92.1%
I
92.1%
I
92.1%
I
92.1%
I
92.1%
I
92.1%
a
91.6%
a
91.6%
a
91.6%
a
91.6%
a
91.6%
a
91.6%
Answer
% Correct
you
91%
you
91%
you
91%
you
91%
you
91%
of
89.3%
of
89.3%
of
89.3%
of
89.3%
of
89.3%
of
89.3%
of
89.3%
of
89.3%
of
89.3%
of
89.3%
in
88.8%
in
88.8%
in
88.8%
in
88.8%
in
88.8%
cause
88.2%
I'm
88.2%
cause
88.2%
I'm
88.2%
cause
88.2%
I'm
88.2%
cause
88.2%
I'm
88.2%
cause
88.2%
I'm
88.2%
cause
88.2%
I'm
88.2%
alone
87.1%
alone
87.1%
alone
87.1%
alone
87.1%
alone
87.1%
alone
87.1%
alone
87.1%
tired
85.4%
tired
85.4%
tired
85.4%
tired
85.4%
tired
85.4%
tired
85.4%
no
84.8%
be
84.3%
there
81.5%
there
81.5%
there
81.5%
my
80.9%
my
80.9%
my
80.9%
my
80.9%
my
80.9%
it
80.3%
feeling
80.3%
feeling
80.3%
it
80.3%
feeling
80.3%
feeling
80.3%
feeling
80.3%
I'll
78.7%
I'll
78.7%
I'll
78.7%
I'll
78.7%
Now
78.1%
on
77.5%
to
77.5%
to
77.5%
right
77%
it's
77%
it's
77%
its
77%
standing
75.8%
Answer
% Correct
front
75.8%
are
75.3%
is
75.3%
and
75.3%
were
74.7%
these
73.6%
keep
73.6%
eyes
73.6%
keep
73.6%
these
73.6%
keep
73.6%
eyes
73.6%
picture
73%
this
72.5%
for
72.5%
open
72.5%
open
72.5%
open
72.5%
sleeping
72.5%
mind
71.9%
wide
71.9%
wide
71.9%
wide
71.9%
was
71.3%
never
70.8%
saw
70.8%
never
70.8%
that
70.8%
photograph
70.2%
broken
70.2%
bed
69.7%
bed
69.7%
arms
69.7%
one
69.7%
day
69.7%
one
69.7%
all
69.1%
two
69.1%
hand
69.1%
getting
68.5%
harder
68.5%
glass
68.5%
made
68.5%
back
68.5%
doubt
68%
hold
67.4%
breathe
67.4%
lights
67.4%
star
67.4%
blinding
66.9%
how
66.9%
would
66.9%
corner
66.9%
like
66.3%
they
65.7%
bring
65.7%
promised
64.6%
hole
64.6%
from
64.6%
sudden
64%
just
64%
burned
63.5%
make
62.9%
days
62.4%
trying
62.4%
bright
61.8%
seems
61.2%
afar
60.7%
noticed
60.1%
understand
60.1%
caught
59.6%
watch
59.6%
lies
57.3%
yeah
56.7%
Quiz Playlist
Details
Report
Send in Message
Add To Playlist
Classic:
Type in answers that appear in a list
Last Updated: Sep 1, 2017
Quiz Scoreboard
CHALLENGE
Sign Up to Join the Scoreboard
Show All
Scores
Hide
Comments
May contain spoilers
Recently Published
Movies - When Are They Set?
by FPL_Elf
Movies
5m
Popular People in 1961
by mucciniale
History
6m
1-10 Letter E Words III
by El_Dandy
Language
2m
More to Explore
Quiz From the Vault
Featured Blog Post
Where Did the Easter Bunny Come From?
hide this ad
You Might Also Like...
Tags
Harry Styles
let
Style
Today's Top Quizzes in Music
Browse Music
hide this ad
Today's Top Quizzes in Harry Styles
Browse Harry Styles
Top Contributed Quizzes in Music
1
Taylor Swift All Songs (2024)
2
2010s Album by Cover III
3
One Thing in Common: Music
4
Guess the Artist- 70s Songs
5
Taylor Swift Logic Puzzle
6
Guess the Taylor Swift song (Mystery Song)
7
2010s Album by Cover IV
8
2010s Album by Cover V
9
KPOP LOGIC QUIZ
10
2010s Album by Cover VI
Explore More
Trending Topics
Marvel
Kpop
Disney
Anime
Crossword
NBA
Harry Potter
Song
Country
The Office
Pokémon
Puzzle
WWE
NFL
Soccer
hide this ad
More By:
elisabethwongshu
Quiz
Plays
Rating
Category
Featured
Created
Introducing Me Lyrics
965
4.00
Music
Mar 24, 2016
Lost in Reality Lyrics 5sos
320
5.00
Music
Sep 1, 2017
Don't Let Me Go Lyrics ~ Harry Styles
178
4.00
Music
May 14, 2016
Go to Creator's Profile
Score Distribution
Quiz Creator Spotlight
elisabethwongshu
Follow
Send a Message
Quizzes Created
-
Created Quiz Play Count
-
More By This Creator
Popular Quizzes Today
1
Find the Countries of Europe - No Outlines Minefield
2
Find the US States - No Outlines Minefield
3
The Countries of the World
4
Popular People in 1961
5
1-10 Letter E Words III
6
US States
7
Find the US States
8
One Thing in Common: World Cities II
More Music Quizzes
Charting the Artists: 2010s
Editor's Pick
Trending Quizzes
Risky Map Clicking: Least Populous States A-Z
Humor Books: The Subtitles
1-10 Letter F Words
1-10 Letter G Words
One Thing in Common: United Kingdom
Recently Updated
Leaping Animals
pecheneg
Reality TV Shows (A-Z)
bhenderson79
Rickey Henderson's Hall of Fame Teammates
pecheneg
Champions League XIs: Arsenal
pecheneg
Quick Pick: Celebrities in WWE's Hall of Fame
aduchscher
A-Z Keypad Blitz II
pecheneg
Multiple Oscar Actors
pecheneg
Mystery Phrase Blitz: Oscar 'Best Actors'
pecheneg
F. Scott Fitzgerald Novels
LTH
Pick 3 Villains
ddd62291
Trending Topics
NBA
Kpop
Anime
Harry Potter
Marvel
Crossword
Disney
Soccer
Country
Puzzle
WWE
NFL
Song
Pokémon
The Office
Your Account Isn't Verified!
In order to create a playlist on Sporcle, you need to verify the email address you used during registration. Go to your
Sporcle Settings
to finish the process.
Report this User
Report this user for behavior that violates our
Community Guidelines
.
Details:
Send Report
Go to the Sporcle.com Mobile Site →
Comments